Escuelas rurales patronato mixto de educación primaria obispado de Málaga
Salvato in:
| Autore principale: | |
|---|---|
| Natura: | Libro |
| Lingua: | spagnolo |
| Pubblicazione: |
Málaga
Universidad Pontificia de Salamanca
1990
|
| Soggetti: | |
| Tags: |
Aggiungi Tag
Nessun Tag, puoi essere il primo ad aggiungerne!!
|
MARC
| LEADER | 00000nam a2200000 a 4500 | ||
|---|---|---|---|
| 001 | UCQ2987 | ||
| 003 | CL-VaPUC | ||
| 008 | 980817e19900000SP |||||||||||||||||spa|d | ||
| 082 | 0 | 4 | |a 370.193 |b GAR |2 21 |
| 100 | 0 | |a García Mota, Francisco |e author |9 417032 | |
| 245 | 1 | 0 | |a Escuelas rurales patronato mixto de educación primaria obispado de Málaga |
| 300 | |a 50 p | ||
| 942 | |c BK | ||
| 945 | |d 19980817 00:00:00 |a aarredon | ||
| 260 | |a Málaga |b Universidad Pontificia de Salamanca |c 1990 | ||
| 650 | 0 | |a Sistemas educacionales |9 324695 | |
| 650 | 0 | |a Educación rural |9 308104 | |
| 650 | 0 | |a Zonas rurales |9 317366 | |
| 650 | 0 | |a Escuelas rurales |9 310468 | |
| 650 | 0 | |a Administración de la enseñanza |9 261034 | |
| 650 | 0 | |a Gestión educacional |9 261035 | |
| 651 | 0 | |a España |9 254926 | |
| 583 | |a last modification |c 20170427 10:43:10 |k Rodrigo Vera | ||
| 999 | |c 273673 |d 273671 | ||
| 952 | |0 0 |1 0 |4 0 |6 370_193000000000000_GAR_1990 |7 0 |8 A |9 309471 |a BIBEDU |b BIBEDU |d 2019-11-20 |i 3450449 |o 370.193 GAR 1990 |p 3450449 |r 2019-11-20 |w 2019-11-20 |y BK |k BME | ||